00719 2200265 4500001002100000005001700021008004100038020001800079035002400097082001300121090002300134100003100157245007400188250001100262260003100273300001800304440001500322500002500337650002500362850001500387985000600402999001500408999001500423999001500438YOGYA-0209000002870720090227024246.0 ind  a979-672-379-4 0010-020900000028707 a364.0134 a364.0134bMur GlT aMURNIATI, A Nunuk Prasetya aGerakan anti kekerasan terhadap perempuancA. Nunuk Prasetya Murniati aCet. 3 aYogyakartabKanisiusc2000 a62 hlmc20 cm aPencerahan aBibliografi: hlm. 62 aWanita - Aspek Hukum aYOPDYOG(B) a3 a01B0004283 a01B0004284 a01B0004285